000
00195 a2200097 4500
020
_a
9788423675609
041
_a
spa
100
_a
Peter Sichrovsky
245
_a
La trampa de la cobra
942
_c
BK
999
_c
29492
_d
29490